Những khó khăn tâm lý trong giao tiếp của học sinh trường THPT người dân tộc Êđê - Đăk Lăk

Сохранить в:
Библиографические подробности
Главный автор: Trần, Thanh Bình
Другие авторы: Lê, Quang Sơn PGS.TS. (hướng dẫn)
Формат:
Язык:Vietnamese
Опубликовано: Đà Nẵng Trường Đại học Sư phạm 2012
Предметы:
Метки: Добавить метку
Нет меток, Требуется 1-ая метка записи!
Thư viện lưu trữ: Mạng thư viện Đại học Đà Nẵng
LEADER 01497nam a2200337 4500
001 000016907
003 13316
005 20130111150125.0
008 130109s2012 viesd
041 |a vie 
082 1 4 |a 371.46  |b TR-B 
100 1 |a Trần, Thanh Bình 
245 1 6 |a Những khó khăn tâm lý trong giao tiếp của học sinh trường THPT người dân tộc Êđê - Đăk Lăk  |c Trần Thanh Bình ; Lê Quang Sơn hướng dẫn  |k Báo cáo khoa học 
260 |a Đà Nẵng  |b Trường Đại học Sư phạm  |c 2012 
300 |a ii, 112 tr.  |b mh. màu  |c 29 cm. 
500 |a Công trình tham gia hội nghị sinh viên nghiên cứu khoa học Trường Đại học Sư phạm năm 2012. Khoa Tâm lý - Giáo dục 
650 0 4 |a Tâm lý giao tiếp  |v Báo cáo khoa học  |x Dân tộc Êđê  |x Học sinh phổ thông  |z Đăk Lăk 
653 |a Nghiên cứu khoa học 
653 |a Giáo dục phổ thông 
700 1 |a Lê, Quang Sơn  |c PGS.TS.  |e hướng dẫn 
OWN |a LSP 
AVA |a UDN50  |b LSP  |d 371.46 TR-B  |e available  |t Error 5001 Not defined in file expand_doc_bib_avail.  |f 1  |g 0  |h N  |i 0  |k 1 
999 |a From the UDN01 
AVA |a UDN50  |b LSP  |d 371.46 TR-B  |e available  |t Error 5001 Not defined in file expand_doc_bib_avail.  |f 1  |g 0  |h N  |i 0  |k 1 
TYP |a Mixed Materials 
TYP |a Monograph 
TYP |a Printed language 
980 |a Mạng thư viện Đại học Đà Nẵng